Research in the Witwatersrand basin : (Record no. 59580)
[ view plain ]
| 000 -LEADER | |
|---|---|
| fixed length control field | 00549cam5a220018100 4500 |
| 001 - CONTROL NUMBER | |
| control field | tmp16044010 |
| 003 - CONTROL NUMBER IDENTIFIER | |
| control field | UPRA |
| 005 - DATE AND TIME OF LATEST TRANSACTION | |
| control field | 20190815094418.0 |
| 008 - FIXED-LENGTH DATA ELEMENTS--GENERAL INFORMATION | |
| fixed length control field | 951129s1984 sa eng u |
| 035 ## - SYSTEM CONTROL NUMBER | |
| System control number | (Sirsi) r75476 |
| 035 ## - SYSTEM CONTROL NUMBER | |
| System control number | (UPRA)tmp16044010 |
| 040 ## - CATALOGING SOURCE | |
| Transcribing agency | UPRA |
| 100 1# - MAIN ENTRY--PERSONAL NAME | |
| Personal name | Minter, W. E. L. |
| Linkage | A35881.1 |
| 245 10 - TITLE STATEMENT | |
| Title | Research in the Witwatersrand basin : |
| Remainder of title | our foremost economic resource / |
| Statement of responsibility, etc. | W.E.L. Winter. |
| 260 ## - PUBLICATION, DISTRIBUTION, ETC. | |
| Place of publication, distribution, etc. | Capetown : |
| Name of publisher, distributor, etc. | University of Capetown, |
| Date of publication, distribution, etc. | 1984. |
| 949 ## - LOCAL PROCESSING INFORMATION (OCLC) | |
| a | (O8)U.C.N.SER/157 |
| w | lcc |
| m | MAIN |
| t | BOOK |
| l | ON-SHELF |
No items available.